000 02288cam a22004814i 4500
003 PE-LiUPU
005 20250731173155.0
008 150623s2001 nbu rb 000 0 eng d
020 _a1577560922
035 _a(Sirsi) i9781577560920
040 _aPE-LiUPU
_bspa
_cPE-LiUPU
_erda
049 _aPRUA
082 0 4 _a253.5
_bM95
_221
100 1 _aMurray, Donald W.,
_eautor.
245 1 0 _aCalled to a ministry of caring :
_ba dean's guide to residence hall leadership /
_cDonald W. Murray.
264 1 _aLincoln, NE :
_bAdvent Source,
_c2001.
300 _a231 páginas ;
_c23 centímetros
336 _atext
_2rdacontent
337 _aunmediated
_2rdamedia
338 _avolume
_2rdacarrier
504 _aIncluye bibliografía.
505 0 _a"If these walls could talk" -- Seventh-day Adventist residence halls: the context of their development -- Christian education: a fondation to build upon -- Attributes and skills of successful deans -- Training for residence hall ministry -- The dean as leader and manager -- The dean as pastor -- The dean as disciplinarian -- The dean as couselor -- The dean as educator -- Adolescent and young adult development -- Celebrating divesity:seeking unity -- Dealing with stress: finding balance points -- The view forn the apartment -- Saying your hellos and goodbyes -- How a dean is evaluated -- Why deans quit -- My final word -- Assessment for residence hal staff development -- The adventist student personnel association: a history.
526 _aSEG42
526 _aSEG41
526 _aSEG40
526 _aSEG39
526 _aP94
526 _aP87
526 _aP86
526 _aP85
526 _aP77
526 _aP76
526 _aP35
650 0 4 _aEstudiantes
_xConsejería.
650 0 4 _aMinisterio del cuidado
_xGuía.
650 0 4 _aPreceptores y alumnos.
942 _2ddc
_cBOOK
949 _a253.5 M95
_wDEWEY
_c1
_i53594
_lCCODEBUL1
_mBUL
_p15.00
_r0
_sY
_tBOOK
_u2015-6-24
_xTEOLOGIA
_PP35
_0COMPRA
_o.STAFF. Colección Teología
994 _aC0
_bPEPRU
596 _a1
999 _a253.5 M95
_wDEWEY
_c35651
_i53594
_f2021-11-10
_g5
_lCCODEBUL1
_mBUL
_p15.00
_r0
_sY
_tBOOK
_u2015-6-24
_xTEOLOGIA
_PP35
_0COMPRA
_o.STAFF. Colección Teología
_d35651
980 _81
_gALBERTO SANCHEZ Responsable de Automatización